La categoría de los casos: estudio de gramática general

Сохранить в:
Библиографические подробности
Главный автор: Hjelmslev, Louis
Формат:
Язык:Undetermined
Опубликовано: Madrid, España Gredos 1978
Предметы:
Метки: Добавить метку
Нет меток, Требуется 1-ая метка записи!

MARC

LEADER 00000nam a2200000Ia 4500
008 170316s9999 xx 000 0 und d
090 |a 415-E H-7c 
100 |a Hjelmslev, Louis 
245 |a La categoría de los casos: estudio de gramática general 
260 |a Madrid, España 
260 |b Gredos 
260 |c 1978 
300 |a 345 páginas 
650 |a GRAMÁTICA ESPAÑOLA 
999 |c 18993  |d 18993 
040 |a cru BVZT 
942 |c 15 D  |h 415-E H-7c  |2 z